Über die geographischen namen Tortillou und Tatrang

Elmentve itt :
Bibliográfiai részletek
Szerző: Rásonyi László
Dokumentumtípus: Cikk
Megjelent: Harrassowitz Wiesbaden 1961
Sorozat:Ural-Altaische Jahrbücher : Fortsetzung der "Ungarischen Jahrbücher" = Ural-Altaic yearbook
Kulcsszavak:Földrajzi nevek - török nyelv - Erdély - etimológia
Tárgyszavak:
Online Access:http://misc.bibl.u-szeged.hu/62037
LEADER 00893nab a2200229 i 4500
001 misc62037
005 20230629143036.0
008 230525s1961 hu o 0|| ger d
040 |a SZTE Miscellanea Repozitórium  |b hun 
041 |a ger 
100 1 |a Rásonyi László 
245 1 0 |a Über die geographischen namen Tortillou und Tatrang  |h [elektronikus dokumentum] /  |c  Rásonyi László 
260 |a Harrassowitz  |b Wiesbaden  |c 1961 
300 |a 245-251  |c 24 cm 
300 |a [7] p.  |c 24 cm 
490 0 |a Ural-Altaische Jahrbücher : Fortsetzung der "Ungarischen Jahrbücher" = Ural-Altaic yearbook 
561 |a Németh Gyula hagyaték 
591 |a LOA 3031; NOA 4814 
650 4 |a Bölcsészettudományok 
650 4 |a Nyelvek és irodalom 
695 |a Földrajzi nevek - török nyelv - Erdély - etimológia 
856 4 0 |u http://misc.bibl.u-szeged.hu/62037/1/4814_noa.pdf  |z Dokumentum-elérés